Score 0/13 Timer 03:00
0 Plays Today
Mixed Word River % Correct
SSSSIIIIPPMMISSISSIPPI
98.9%
LINENILE
98.7%
NAZMAOAMAZON
85.1%
IRO DERAGNRIO GRANDE
83.4%
NOOGCCONGO
71.7%
WOLYELYELLOW
71.6%
RRUMAYMURRAY
56.9%
RINGENIGER
54.1%
DOORLOCACOLORADO
52.1%
KUYNOYUKON
41.4%
NALELENA
38.5%
ZEGNAYTYANGTZE
37.6%
IIYENSEYENISEI
4.6%
Remove Ads.
Support Sporcle.
Get the best of Sporcle when you Go Orange. This ad-free experience offers more features, more stats, and more fun while also helping to support Sporcle. Thank you for becoming a member.

You're not logged in!

Compare scores with friends on all Sporcle quizzes.
OR
Log In

Show Comments

Extras

Top Quizzes Today


Score Distribution

Your Account Isn't Verified!

In order to create a playlist on Sporcle, you need to verify the email address you used during registration. Go to your Sporcle Settings to finish the process.

Report this User

Report this user for behavior that violates our Community Guidelines.

Details: